Biology and evolution of ferns and lycophytes (Record no. 1208540)

MARC details
000 -LEADER
fixed length control field 01072nam a2200325Ia 4500
003 - CONTROL NUMBER IDENTIFIER
control field OSt
005 - DATE AND TIME OF LATEST TRANSACTION
control field 20221007121206.0
008 - FIXED-LENGTH DATA ELEMENTS--GENERAL INFORMATION
fixed length control field 221006b |||||||| |||| 00| 0 eng d
020 ## - INTERNATIONAL STANDARD BOOK NUMBER
International Standard Book Number 9780521696890 (pbk)
037 ## - SOURCE OF ACQUISITION
Terms of availability Textual
040 ## - CATALOGING SOURCE
Original cataloging agency BDL
Transcribing agency BDL
Language of cataloging eng
041 ## - LANGUAGE CODE
Source of code eng
Language code of text/sound track or separate title eng
100 ## - MAIN ENTRY--PERSONAL NAME
Personal name Ranker Tom H
9 (RLIN) 710964
245 #0 - TITLE STATEMENT
Title Biology and evolution of ferns and lycophytes
Remainder of title Huafler Christopher H
260 ## - PUBLICATION, DISTRIBUTION, ETC.
Place of publication, distribution, etc. Cambridge
Name of publisher, distributor, etc. C U P
Date of publication, distribution, etc. 2008
300 ## - PHYSICAL DESCRIPTION
Extent xix; 480p.
Dimensions cm.
500 ## - GENERAL NOTE
General note Include bibliographical references; Index 468-480p.
650 ## - SUBJECT ADDED ENTRY--TOPICAL TERM
Topical term or geographic name entry element Biology
650 ## - SUBJECT ADDED ENTRY--TOPICAL TERM
Topical term or geographic name entry element Ferns classification
9 (RLIN) 710965
650 ## - SUBJECT ADDED ENTRY--TOPICAL TERM
Topical term or geographic name entry element Gametophytes
9 (RLIN) 710966
650 ## - SUBJECT ADDED ENTRY--TOPICAL TERM
Topical term or geographic name entry element Lycophytes
9 (RLIN) 710714
650 ## - SUBJECT ADDED ENTRY--TOPICAL TERM
Topical term or geographic name entry element Botany
700 ## - ADDED ENTRY--PERSONAL NAME
Personal name Huafler Christopher H
9 (RLIN) 710967
942 ## - ADDED ENTRY ELEMENTS (KOHA)
Classification part G:66, P8;1 Carb
Koha item type Textual
Source of classification or shelving scheme Colon Classification (CC)
Holdings
Withdrawn status Lost status Source of classification or shelving scheme Damaged status Not for loan Home library Current library Date acquired Source of acquisition Total Checkouts Full call number Barcode Date last seen Price effective from Koha item type
    Colon Classification (CC)     Department of Botany Library Department of Botany Library 2022-10-07 209, 13/12/2011, N R Book Distributors   G:66 P8;1 Carb BD0005601 2022-10-07 2022-10-07 Textual
Copyright @ Delhi University Library System